000 00234nam a22000857a 4500
008 160905b xxu||||| |||| 00| 0 eng d
100 _9294
_aJonathan Swift
245 _aGulliver's Travels
260 _aNew Delhi
_bRatna Sagar publication
_c1892
999 _c2953
_d2953